| 000 | 00649nam a2200205 a 4500 | ||
|---|---|---|---|
| 003 | OSt | ||
| 005 | 20240226124453.0 | ||
| 008 | 180220t2014 pk | |||| 000 f urd d | ||
| 020 | _a9789693526998 | ||
| 040 | _c0 | ||
| 082 |
_a891.4393 _bQUR 2014. |
||
| 100 | 1 |
_aقرۃالعين حيدر _9121321 |
|
| 245 | 1 | 0 |
_aگردش رنگ چمن _cQurat Ul Ain Haider |
| 246 | _aGardish-e-Rang-e-Chaman | ||
| 260 |
_aLahore: _bSang e Meel Pub; _c2014. |
||
| 300 | _a704 p. | ||
| 650 |
_aUrdu literature _vNovel _9876 |
||
| 942 |
_2ddc _cBK _aSADA _k891.4393 QUR 2014. |
||
| 999 |
_c608182 _d608182 |
||